Nommez une Capitale des États des États-Unis de A à Z - Statistiques

Statistiques générales
  • Ce quiz a été pris 148 fois
  • Le résultat moyen est 9 sur 16
Statistiques - réponses
Lettres Capitales des États des États-Unis % Correct
B Bâton-Rouge | Bismarck | Boise | Boston
92%
A Albany | Annapolis | Atlanta | Augusta | Austin
88%
S Sacramento | Saint Paul | Salem | Salt Lake City | Santa Fe | Springfield
78%
D Denver | Des Moines | Dover
75%
H Harrisburg | Hartford | Helena | Honolulu
62%
I Indianapolis
62%
J Jackson | Jefferson City | Juneau
62%
C Carson City | Charleston | Cheyenne | Columbia | Columbus | Concord
53%
O Oklahoma City | Olympia
48%
P Phoenix | Pierre | Providence
48%
M Madison | Montgomery | Montpelier
40%
T Tallahassee | Topeka | Trenton
40%
R Raleigh | Richmond
38%
N Nashville
37%
L Lansing | Lincoln | Little Rock
27%
F Frankfort
25%
Aucun quiz correspondant
Distribution des résultats
% des personnes avec chaque résultat
Percentile par nombre de réponses
Votre historique - résultats
Vous n’avez pas pris ce quiz